[Event "EWCCC Online Preliminary-D 2020"]
[Site "Online"]
[Date "2020.12.19"]
[Round "6.1"]
[White "Pipia, Ekaterine"]
[Black "Berezovska, Svetlana"]
[Result "1-0"]
[WhiteElo "2019"]
[BlackElo "1793"]
[Annotator "NA"]
[PlyCount "51"]
[EventDate "2020.12.19"]
[EventType "team-tourn"]
[EventCountry "NET"]
[SourceTitle "playchess.com"]
[Source "ChessBase"]
[SourceQuality "1"]
[TimeControl "900+5"]

1. d4 {[%emt 0:00:00]} Nf6 {[%emt 0:00:35]} 2. c4 {[%emt 0:00:02]} e6 {[%emt 0:00:03]} 3. Nf3 {[%emt 0:00:02]} d5 {[%emt 0:00:29]} 4. Nc3 {[%emt 0:00:02]} Bb4 {[%emt 0:00:25]} 5. Bg5 {[%emt 0:00:06]} O-O {[%emt 0:00:08]} 6. e3 {[%emt 0:00:04]} h6 {[%emt 0:00:07]} 7. Bh4 {[%emt 0:00:05]} b6 {[%emt 0:00:26]} 8. cxd5 {[%emt 0:00:39]} exd5 {[%emt 0:00:08]} 9. Bd3 {[%emt 0:00:02]} Re8 {[%emt 0:00:10]} 10. O-O {[%emt 0:00:05]} Bg4 {[%emt 0:00:19]} 11. h3 {[%emt 0:00:09]} Be6 {[%emt 0:00:44]} 12. Rc1 {[%emt 0:00:11]} c5 {[%emt 0:00:44]} 13. Bb1 {[%emt 0:00:15]} c4 {[%emt 0:00:38]} 14. Qc2 {[%emt 0:00:13]} g6 {[%emt 0:00:37]} 15. e4 {[%emt 0:01:07]} Bxc3 {[%emt 0:03:49]} 16. e5 {[%emt 0:00:34]} Bb4 {[%emt 0:01:12]} 17. exf6 {[%emt 0:00:03]} Bf5 {[%emt 0:01:56]} 18. Qa4 {[%emt 0:00:48]} Bxb1 {[%emt 0:00:10]} 19. Qxb4 {[%emt 0:00:22]} Be4 {[%emt 0:00:11]} 20. Qd2 {[%emt 0:00:07]} Kh7 {[%emt 0:00:21]} 21. Ne5 {[%emt 0:00:23]} g5 {[%emt 0:01:20]} 22. Bxg5 {[%emt 0:00:36]} hxg5 {[%emt 0:00:04]} 23. Qxg5 {[%emt 0:00:01]} Bg6 {[%emt 0:00:47]} 24. Nxf7 {[%emt 0:00:10]} Qd7 {[%emt 0:00:59]} 25. Qh6+ {[%emt 0:00:05]} Kg8 {[%emt 0:00:06]} 26. Qg7# {[%emt 0:00:01]} 1-0

[Event "EWCCC Online Preliminary-D 2020"]
[Site "Online"]
[Date "2020.12.19"]
[Round "6.1"]
[White "Lomaia, Diana"]
[Black "Berezovsky, Fiorina"]
[Result "1-0"]
[WhiteElo "1946"]
[BlackElo "1665"]
[Annotator "NA"]
[PlyCount "71"]
[EventDate "2020.12.19"]
[EventType "team-tourn"]
[EventCountry "NET"]
[SourceTitle "playchess.com"]
[Source "ChessBase"]
[SourceQuality "1"]
[TimeControl "900+5"]

1. d4 {[%emt 0:00:02]} Nf6 {[%emt 0:00:23]} 2. c4 {[%emt 0:00:03]} e6 {[%emt 0:00:05]} 3. g3 {[%emt 0:00:02]} Bb4+ {[%emt 0:00:06]} 4. Bd2 {[%emt 0:00:04]} Bxd2+ {[%emt 0:00:21]} 5. Nxd2 {[%emt 0:00:02]} d5 {[%emt 0:00:07]} 6. Bg2 {[%emt 0:00:06]} O-O {[%emt 0:00:08]} 7. Ngf3 {[%emt 0:00:03]} Nc6 {[%emt 0:00:18]} 8. O-O {[%emt 0:00:23]} dxc4 {[%emt 0:00:22]} 9. Nxc4 {[%emt 0:00:03]} Re8 {[%emt 0:00:05]} 10. e3 {[%emt 0:00:24]} a6 {[%emt 0:00:32]} 11. Rc1 {[%emt 0:00:25]} Nb4 {[%emt 0:00:20]} 12. a3 {[%emt 0:00:13]} Nbd5 {[%emt 0:00:07]} 13. Nce5 {[%emt 0:01:10]} Nd7 {[%emt 0:01:01]} 14. Qc2 {[%emt 0:01:26]} Nxe5 {[%emt 0:00:15]} 15. Nxe5 {[%emt 0:00:04]} f6 {[%emt 0:00:07]} 16. Nc4 {[%emt 0:00:47]} b5 {[%emt 0:01:33]} 17. Na5 {[%emt 0:01:11]} Qd7 {[%emt 0:03:23]} 18. e4 {[%emt 0:00:48]} Ne7 {[%emt 0:00:34]} 19. Rfd1 {[%emt 0:00:50]} Ra7 {[%emt 0:00:53]} 20. b4 {[%emt 0:01:59]} f5 {[%emt 0:00:29]} 21. exf5 {[%emt 0:00:49]} Nxf5 {[%emt 0:00:12]} 22. Bc6 {[%emt 0:00:35]} Qe7 {[%emt 0:00:46]} 23. Bxe8 {[%emt 0:00:03]} Qxe8 {[%emt 0:00:02]} 24. Qc5 {[%emt 0:00:37]} Ra8 {[%emt 0:00:53]} 25. Qxc7 {[%emt 0:00:56]} Qh5 {[%emt 0:00:20]} 26. Qd8+ {[%emt 0:00:19]} Kf7 {[%emt 0:00:10]} 27. Rc7+ {[%emt 0:00:05]} Kg6 {[%emt 0:00:19]} 28. Qe8+ {[%emt 0:00:09]} Kg5 {[%emt 0:00:31]} 29. Qxh5+ {[%emt 0:00:28]} Kxh5 {[%emt 0:00:02]} 30. Rdc1 {[%emt 0:00:11]} Nd6 {[%emt 0:00:29]} 31. R1c6 {[%emt 0:00:19]} Bb7 {[%emt 0:01:03]} 32. Nxb7 {[%emt 0:00:07]} Nxb7 {[%emt 0:00:13]} 33. Rxb7 {[%emt 0:00:03]} Rd8 {[%emt 0:00:09]} 34. Rxe6 {[%emt 0:00:20]} Rxd4 {[%emt 0:00:07]} 35. Rxg7 {[%emt 0:00:10]} h6 {[%emt 0:00:09]} 36. Re5# {[%emt 0:00:05]} 1-0

[Event "EWCCC Online Preliminary-D 2020"]
[Site "Online"]
[Date "2020.12.19"]
[Round "6.1"]
[White "Jose Polanco, Kenia"]
[Black "Esadze, Tamari"]
[Result "0-1"]
[WhiteElo "1828"]
[BlackElo "1889"]
[Annotator "NA"]
[PlyCount "96"]
[EventDate "2020.12.19"]
[EventType "team-tourn"]
[EventCountry "NET"]
[SourceTitle "playchess.com"]
[Source "ChessBase"]
[SourceQuality "1"]
[TimeControl "900+5"]

1. d4 {[%emt 0:00:00]} d5 {[%emt 0:00:04]} 2. Bf4 {[%emt 0:00:04]} Nf6 {[%emt 0:00:08]} 3. e3 {[%emt 0:00:09]} Bf5 {[%emt 0:00:07]} 4. c4 {[%emt 0:00:08]} e6 {[%emt 0:00:05]} 5. Nc3 {[%emt 0:00:04]} Bd6 {[%emt 0:00:44]} 6. Bg5 {[%emt 0:00:04]} dxc4 {[%emt 0:00:17]} 7. Bxc4 {[%emt 0:00:06]} Bg6 {[%emt 0:00:52]} 8. Qb3 {[%emt 0:00:24]} Nbd7 {[%emt 0:01:12]} 9. Nf3 {[%emt 0:00:16]} O-O {[%emt 0:00:21]} 10. e4 {[%emt 0:00:37]} Be7 {[%emt 0:00:32]} 11. e5 {[%emt 0:01:13]} Ne4 {[%emt 0:00:32]} 12. Be3 {[%emt 0:00:44]} Nb6 {[%emt 0:00:35]} 13. Be2 {[%emt 0:00:33]} a5 {[%emt 0:01:06]} 14. a4 {[%emt 0:00:29]} Rc8 {[%emt 0:00:56]} 15. O-O {[%emt 0:01:02]} Nxc3 {[%emt 0:00:15]} 16. bxc3 {[%emt 0:00:11]} c5 {[%emt 0:00:24]} 17. Rfd1 {[%emt 0:01:19]} c4 {[%emt 0:00:33]} 18. Qa2 {[%emt 0:00:25]} Nd5 {[%emt 0:00:14]} 19. Rdc1 {[%emt 0:00:53]} Qc7 {[%emt 0:01:13]} 20. Nd2 {[%emt 0:00:35]} Bd3 {[%emt 0:00:07]} 21. Bf3 {[%emt 0:00:24]} h6 {[%emt 0:00:43]} 22. Ne4 {[%emt 0:00:22]} b6 {[%emt 0:00:19]} 23. Ng3 {[%emt 0:00:39]} Nxe3 {[%emt 0:00:28]} 24. fxe3 {[%emt 0:00:05]} Bg5 {[%emt 0:00:05]} 25. Re1 {[%emt 0:00:21]} f6 {[%emt 0:00:22]} 26. exf6 {[%emt 0:00:31]} Bxf6 {[%emt 0:00:10]} 27. Nh5 {[%emt 0:00:42]} Bg5 {[%emt 0:00:11]} 28. Ng3 {[%emt 0:00:12]} Bh4 {[%emt 0:00:15]} 29. Qf2 {[%emt 0:01:21]} e5 {[%emt 0:00:16]} 30. e4 {[%emt 0:00:31]} exd4 {[%emt 0:00:20]} 31. Qxd4 {[%emt 0:00:07]} Bxg3 {[%emt 0:00:18]} 32. hxg3 {[%emt 0:00:04]} Qxg3 {[%emt 0:00:04]} 33. Qd5+ {[%emt 0:00:27]} Kh8 {[%emt 0:00:05]} 34. e5 {[%emt 0:00:06]} Rcd8 {[%emt 0:00:15]} 35. Qc6 {[%emt 0:00:11]} Rc8 {[%emt 0:00:15]} 36. Qd5 {[%emt 0:00:08]} Rc5 {[%emt 0:00:25]} 37. Qb7 {[%emt 0:00:41]} Rxe5 {[%emt 0:00:03]} 38. Rxe5 {[%emt 0:00:05]} Qxe5 {[%emt 0:00:03]} 39. Qxb6 {[%emt 0:00:47]} Qxc3 {[%emt 0:00:05]} 40. Rd1 {[%emt 0:00:18]} Qc2 {[%emt 0:00:21]} 41. Qc6 {[%emt 0:00:24]} c3 {[%emt 0:00:25]} 42. Qd5 {[%emt 0:00:08]} Be2 {[%emt 0:00:15]} 43. Bxe2 {[%emt 0:00:04]} Qxe2 {[%emt 0:00:02]} 44. Qd6 {[%emt 0:00:09]} Qf2+ {[%emt 0:00:05]} 45. Kh1 {[%emt 0:00:07]} c2 {[%emt 0:00:06]} 46. Rc1 {[%emt 0:00:26]} Re8 {[%emt 0:00:17]} 47. Qg6 {[%emt 0:00:09]} Re1+ {[%emt 0:00:09]} 48. Kh2 {[%emt 0:00:09]} Qh4# {[%emt 0:00:02]} 0-1

[Event "EWCCC Online Preliminary-D 2020"]
[Site "Online"]
[Date "2020.12.19"]
[Round "6.1"]
[White "Rubsamen, Anais"]
[Black "Donghvani, Nia"]
[Result "0-1"]
[WhiteElo "1692"]
[BlackElo "1985"]
[Annotator "NA"]
[PlyCount "122"]
[EventDate "2020.12.19"]
[EventType "team-tourn"]
[EventCountry "NET"]
[SourceTitle "playchess.com"]
[Source "ChessBase"]
[SourceQuality "1"]
[TimeControl "900+5"]

1. Nf3 {[%emt 0:00:02]} c5 {[%emt 0:00:17]} 2. g3 {[%emt 0:00:02]} Nc6 {[%emt 0:00:03]} 3. Bg2 {[%emt 0:00:02]} g6 {[%emt 0:00:01]} 4. O-O {[%emt 0:00:02]} Bg7 {[%emt 0:00:02]} 5. e4 {[%emt 0:00:08]} e6 {[%emt 0:00:03]} 6. c3 {[%emt 0:00:12]} Nge7 {[%emt 0:00:23]} 7. d4 {[%emt 0:00:06]} cxd4 {[%emt 0:00:02]} 8. cxd4 {[%emt 0:00:01]} d5 {[%emt 0:00:05]} 9. e5 {[%emt 0:01:15]} O-O {[%emt 0:00:04]} 10. Bg5 {[%emt 0:00:24]} Qb6 {[%emt 0:00:22]} 11. Bf6 {[%emt 0:00:15]} Qxb2 {[%emt 0:01:12]} 12. Nbd2 {[%emt 0:00:20]} Nf5 {[%emt 0:00:16]} 13. Nb3 {[%emt 0:00:13]} h5 {[%emt 0:02:00]} 14. Re1 {[%emt 0:01:01]} b6 {[%emt 0:01:30]} 15. Re2 {[%emt 0:00:08]} Qa3 {[%emt 0:00:07]} 16. Rc2 {[%emt 0:00:03]} Bb7 {[%emt 0:00:44]} 17. Bf1 {[%emt 0:01:50]} Rfc8 {[%emt 0:00:31]} 18. Bb5 {[%emt 0:00:42]} Nb4 {[%emt 0:01:15]} 19. Rxc8+ {[%emt 0:00:09]} Rxc8 {[%emt 0:00:03]} 20. Ne1 {[%emt 0:00:19]} Ba6 {[%emt 0:01:43]} 21. Bxa6 {[%emt 0:00:37]} Qxa6 {[%emt 0:00:07]} 22. h3 {[%emt 0:00:21]} Rc4 {[%emt 0:01:58]} 23. g4 {[%emt 0:00:07]} hxg4 {[%emt 0:00:03]} 24. hxg4 {[%emt 0:00:02]} Nh6 {[%emt 0:00:02]} 25. Qf3 {[%emt 0:04:47]} Qc8 {[%emt 0:01:29]} 26. Bxg7 {[%emt 0:00:37]} Kxg7 {[%emt 0:00:04]} 27. Qf6+ {[%emt 0:00:01]} Kg8 {[%emt 0:00:05]} 28. Nf3 {[%emt 0:00:03]} Rc2 {[%emt 0:01:53]} 29. Ng5 {[%emt 0:00:39]} Qe8 {[%emt 0:00:41]} 30. Rc1 {[%emt 0:00:09]} Rxc1+ {[%emt 0:00:13]} 31. Nxc1 {[%emt 0:00:02]} Nxg4 {[%emt 0:00:01]} 32. Qf3 {[%emt 0:00:07]} Nh6 {[%emt 0:00:04]} 33. a3 {[%emt 0:00:35]} Nc6 {[%emt 0:00:05]} 34. Ne2 {[%emt 0:00:03]} Qe7 {[%emt 0:00:05]} 35. Qf4 {[%emt 0:00:18]} Nf5 {[%emt 0:00:13]} 36. Ng3 {[%emt 0:00:12]} Nxg3 {[%emt 0:00:03]} 37. fxg3 {[%emt 0:00:05]} Qf8 {[%emt 0:00:10]} 38. Qh4 {[%emt 0:00:07]} Qg7 {[%emt 0:00:02]} 39. Kf2 {[%emt 0:00:29]} Ne7 {[%emt 0:00:04]} 40. g4 {[%emt 0:00:14]} Nc6 {[%emt 0:00:01]} 41. Ke3 {[%emt 0:00:03]} Na5 {[%emt 0:00:04]} 42. Kd3 {[%emt 0:00:33]} Nc4 {[%emt 0:00:02]} 43. Nf3 {[%emt 0:00:30]} Nxa3 {[%emt 0:00:06]} 44. Qd8+ {[%emt 0:00:02]} Qf8 {[%emt 0:00:03]} 45. Qc7 {[%emt 0:00:07]} Nb5 {[%emt 0:00:04]} 46. Qd7 {[%emt 0:00:03]} Qa3+ {[%emt 0:00:03]} 47. Ke2 {[%emt 0:00:02]} Qb2+ {[%emt 0:00:12]} 48. Ke3 {[%emt 0:00:03]} Qc1+ {[%emt 0:00:06]} 49. Nd2 {[%emt 0:00:04]} Qc3+ {[%emt 0:00:03]} 50. Ke2 {[%emt 0:00:09]} Nxd4+ {[%emt 0:00:02]} 51. Kd1 {[%emt 0:00:02]} Qc2+ {[%emt 0:00:04]} 52. Ke1 {[%emt 0:00:01]} Qc1+ {[%emt 0:00:01]} 53. Kf2 {[%emt 0:00:01]} Qxd2+ {[%emt 0:00:02]} 54. Kg3 {[%emt 0:00:06]} Qe3+ {[%emt 0:00:02]} 55. Kg2 {[%emt 0:00:01]} Qf3+ {[%emt 0:00:02]} 56. Kh2 {[%emt 0:00:03]} Qf4+ {[%emt 0:00:06]} 57. Kh1 {[%emt 0:00:03]} Qe4+ {[%emt 0:00:03]} 58. Kh2 {[%emt 0:00:02]} Qxe5+ {[%emt 0:00:09]} 59. Kh1 {[%emt 0:00:01]} Nf3 {[%emt 0:00:06]} 60. Qe8+ {[%emt 0:00:13]} Kg7 {[%emt 0:00:02]} 61. Qe7 {[%emt 0:00:08]} Qh2# {[%emt 0:00:03]} 0-1

[Event "EWCCC Online Preliminary-D 2020"]
[Site "Online"]
[Date "2020.12.19"]
[Round "6.2"]
[White "Gunina, Valentina"]
[Black "Narva, Mai"]
[Result "1-0"]
[WhiteElo "2451"]
[BlackElo "2276"]
[Annotator "TA"]
[PlyCount "87"]
[EventDate "2020.12.19"]
[EventType "team-tourn"]
[EventCountry "NET"]
[SourceTitle "playchess.com"]
[Source "ChessBase"]
[SourceQuality "1"]

{[%evp 24,87,43,20,36,33,47,47,41,44,37,28,39,29,44,45,152,156,143,143,142,142,169,168,197,195,192,85,246,244,438,310,607,601,590,587,543,559,530,532,5250,2125,29965,29966,11447,9380,29976,29977,29977,29978,29968,29971,2614,1943,29993,29994,29994,29995,29996,2789,29971,29957,29992,29993,29993,29993]} 1. d4 Nf6 2. c4 e6 3. Nf3 Bb4+ 4. Bd2 Qe7 5. g3 O-O 6. Bg2 Bxd2+ 7. Qxd2 d6 8. Nc3 e5 9. O-O Re8 10. e4 Bg4 11. d5 Bxf3 12. Bxf3 a5 13. a3 Na6 {E11: Bogo-Indian.} 14. Rab1 Nc5 15. b4 axb4 {White is slightly better.} 16. axb4 Na4 17. Nb5 Red8 {[#]} 18. Rfd1 $146 ({Predecessor:} 18. Ra1 c6 19. dxc6 bxc6 20. Nc3 Nxc3 21. Qxc3 Rab8 22. Rfb1 h5 23. Qe3 Qe6 24. Be2 {0-1 (40) Vanheste,J (2410)-Karner,H (2365) Lyngby 1989}) 18... g6 19. Ra1 c6 (19... Nb6 $14) 20. dxc6 $16 bxc6 21. Nxd6 {Hoping for c5.} c5 22. b5 Qe6 23. Ra3 Nb6 24. Rxa8 Rxa8 {[#]} 25. Qg5 (25. Qe3 $1 $18 {[%cal Re3c5] and White stays clearly on top.} Nfd7 26. Be2) 25... h6 $2 {[#] Black cannot hold the game after this.} (25... Rd8 $16 {keeps fighting.} 26. Nf5 Rxd1+ 27. Bxd1 Nbd7) 26. Qe3 $1 $18 ({Inferior is} 26. Qxh6 Rd8 $15) 26... Na4 $2 (26... Nxc4 27. Qxc5 Nxd6) 27. Qxh6 {And now Nf5! would win.} Rd8 $2 (27... Nb2 28. Nf5 gxf5 29. Qg5+ {[%mdl 64] Double Attack} Kh7 30. exf5 Qe7 31. Bxa8 Nxd1) 28. Nf5 {[%csl Gf5][%cal Rh6g7]} Rxd1+ 29. Bxd1 {[%csl Gf5][%cal Rh6g7]} gxf5 30. Qg5+ Kf8 31. exf5 ({Weaker is} 31. Bxa4 Nxe4 32. Qd8+ Kg7 $18) 31... Qxc4 32. Qxf6 Qc1 33. Qd6+ Kg8 34. Kg2 Qb1 35. Qd8+ Kg7 36. Qg5+ Kf8 37. Qh6+ Ke7 38. f6+ Ke8 39. Qh8+ Kd7 40. Bg4+ Kc7 41. Qe8 (41. Qc8+ $142 Kb6 42. Qa6+ {[%mdl 64] Double Attack} Kc7 43. Qa7+ Kd8 44. Qe7#) 41... Qe4+ 42. Bf3 {White mates.} Qg6 43. Qc6+ Kd8 44. b6 {Weighted Error Value: White=0.11/Black=1.14} 1-0

[Event "EWCCC Online Preliminary-D 2020"]
[Site "Online"]
[Date "2020.12.19"]
[Round "6.2"]
[White "Salimova, Nurgyul"]
[Black "Narva, Triin"]
[Result "1-0"]
[WhiteElo "2397"]
[BlackElo "2100"]
[Annotator "TA"]
[PlyCount "37"]
[EventDate "2020.12.19"]
[EventType "team-tourn"]
[EventCountry "NET"]
[SourceTitle "playchess.com"]
[Source "ChessBase"]
[SourceQuality "1"]

{[%evp 9,37,19,35,14,8,0,-2,0,11,0,3,-42,-58,-52,-50,-146,-139,-178,-91,-127,-131,-152,-46,-52,-45,-50,-48,-97,725,620]} 1. d4 g6 2. Nf3 Bg7 3. c4 d6 4. g3 c5 5. Bg2 Nc6 {[%cal Rc5d4]} 6. dxc5 {A41: 1 d4 d6: Tartakower System and Modern Defence.} (6. d5 $5 {[%cal Rd5c6]} Ne5 7. O-O $14) 6... Qa5+ 7. Nbd2 Qxc5 8. O-O {The position is equal.} Nf6 9. a3 Qh5 {[#]} 10. Qb3 $146 ({Predecessor:} 10. Nb3 Bh3 11. Re1 O-O 12. Nbd4 Ne5 13. Qb3 Neg4 14. e4 Nxf2 {0-1 (14) Mohamed,F (2150)-Srihari,L (2227) Abu Dhabi 2019}) 10... O-O 11. Qb5 e5 12. e3 (12. e4 $15) 12... a6 $17 13. Qa4 Bf5 (13... e4 $19 14. Nd4 Nxd4 15. exd4 {[#]} Ng4 $1 {[%mdl 512]}) 14. Nh4 Bd3 {Threatens to win with ...g5.} 15. Re1 {and if Bf3 works, White does fine.} g5 (15... e4 $17 {White must now prevent ...d5.} 16. f3 Ne5 17. fxe4 Rac8) 16. Qb3 $15 e4 $1 17. Nf5 $1 Ne5 ({Reject} 17... Ng4 $6 18. h3 $16) 18. Qd1 {[#] Strongly threatening Qxh5.} Qg6 $2 {[%mdl 8192]} (18... g4 $17 19. Nxg7 Kxg7) 19. Ne7+ {[%mdl 64] Double Attack.  Weighted Error Value: White=0.22/Black=0.21} 1-0

[Event "EWCCC Online Preliminary-D 2020"]
[Site "Online"]
[Date "2020.12.19"]
[Round "6.2"]
[White "Olde, Margareth"]
[Black "Bodnaruk, Anastasia"]
[Result "0-1"]
[WhiteElo "2233"]
[BlackElo "2423"]
[Annotator "TA"]
[PlyCount "66"]
[EventDate "2020.12.19"]
[EventType "team-tourn"]
[EventCountry "NET"]
[SourceTitle "playchess.com"]
[Source "ChessBase"]
[SourceQuality "1"]

{[%evp 15,66,27,43,38,45,46,50,44,53,41,55,51,51,52,125,121,116,112,109,119,210,44,51,20,13,0,90,0,0,0,45,44,46,-61,-71,-61,-50,-317,-345,-610,-607,-603,-595,-669,-607,-1464,-1458,-1697,-1490,-29988,-29989,-29994,-29995]} 1. d4 Nf6 2. c4 g6 3. Nc3 Bg7 4. e4 d6 5. h3 O-O 6. Be3 e5 7. d5 Na6 8. Nf3 c6 9. g4 {9.Be2 is not played anymore. E90: King's Indian: Classical: Early deviations and 6 h3.} cxd5 10. cxd5 Nc5 11. Nd2 {White is slightly better.} Ne8 {[#]} 12. Rg1 $146 ({Predecessor:} 12. h4 f5 13. gxf5 gxf5 14. h5 h6 15. Rg1 Kh7 16. Qc2 a6 17. b4 Nxe4 18. Ncxe4 fxe4 19. Nxe4 {1-0 (34) Khademalsharieh,S (2419)-Khalaji,H (2137) Sari 2017}) 12... Kh8 13. g5 f5 14. h4 f4 (14... Kg8 $14) 15. Bxc5 $16 dxc5 16. h5 {h6 is the strong threat.} Rf7 17. Nc4 Nd6 (17... Kg8 $16) 18. h6 $2 ({Better is} 18. hxg6 $1 $18 hxg6 19. Nxd6 Qxd6 20. Nb5) 18... Bf8 $14 19. Qb3 ({Weaker is} 19. Nxe5 Re7 $17) (19. Qd2 $5 {[%cal Rc4e5]} Nxc4 20. Bxc4 $14) 19... Nxc4 20. Bxc4 Bd6 {[#]} (20... a6 $1 $11 {keeps the balance.}) 21. a4 (21. Nb5 $1 $16) 21... a6 $11 22. a5 Rf8 23. f3 Rb8 24. Qb6 (24. Nd1 $14) 24... Bc7 $1 $36 {[%cal Rc7b6][%mdl 2048] Black has strong initiative.} 25. Qxc5 b6 26. Qa3 $2 {[%mdl 8192] [#]} (26. Qf2 $1 $15) 26... b5 $1 $19 {[%cal Rb5c4]} 27. O-O-O $2 (27. Bxb5 Bd6 28. b4) 27... Bd6 28. Qa2 bxc4 29. Qxc4 Qxa5 {Hoping for ...Qa1+.} 30. Kc2 Bd7 31. Ra1 Qb6 32. b3 Rfc8 33. Qxa6 Qxb3+ {[%mdl 64] Double Attack. Black used his chance.  Weighted Error Value: White=0.93/Black=0.14} 0-1

[Event "EWCCC Online Preliminary-D 2020"]
[Site "Online"]
[Date "2020.12.19"]
[Round "6.2"]
[White "Olde, Grete"]
[Black "Maltsevskaya, Aleksandra"]
[Result "0-1"]
[WhiteElo "1915"]
[BlackElo "2311"]
[Annotator "TA"]
[PlyCount "76"]
[EventDate "2020.12.19"]
[EventType "team-tourn"]
[EventCountry "NET"]
[SourceTitle "playchess.com"]
[Source "ChessBase"]
[SourceQuality "1"]

{[%evp 10,76,33,14,22,-16,-19,-22,-20,-102,-95,-106,-94,-87,-81,-77,-35,-25,-25,-24,-10,-25,0,-47,-20,-233,-233,-648,-645,-605,-408,-413,-250,-250,-248,-239,-237,-239,-216,-266,-266,-260,-259,-287,-275,-437,-346,-361,-370,-1150,-1142,-1399,-1400,-1373,-1372,-1307,-1307,-29966,-29964,-29965,-29966,-29954,-29955,-6611,-6591,-6391,-6327,-5502,-5402]} 1. e4 c6 2. d4 d5 3. e5 Bf5 4. Nf3 e6 5. Be2 c5 6. Be3 cxd4 {6...Qb6 is the fancy move. B12: Caro-Kann: Advance Variation.} 7. Bxd4 (7. Nxd4 $5 {[%cal Re2b5]} Ne7 8. Nd2 $14) 7... Nc6 8. c3 Nge7 {The position is equal.} 9. Nh4 {[#]} (9. O-O $11) 9... Be4 $146 ({Predecessor:} 9... Qa5 10. O-O Nxd4 11. Qxd4 Nc6 12. Qe3 Be4 13. b4 Qc7 14. f4 a5 15. b5 Nxe5 {0-1 (24) Di Gennaro,A (1666)-Gallo,T (1893) Napoli 2012}) 10. Nd2 Nxd4 11. cxd4 Nc6 12. Nhf3 Bxf3 (12... Bb4 {is more complex.} 13. O-O Qb6 14. Nb3 O-O 15. Ng5 Be7) 13. Nxf3 Bb4+ 14. Kf1 Qb6 15. Rc1 O-O 16. h4 Rac8 17. Qd3 $2 {[#] Loses the game.} (17. g3 $11) 17... Nxe5 $1 $19 {[%mdl 576] Discovered Attack} 18. Nxe5 $2 (18. Qd1 Nxf3 19. Bxf3) (18. dxe5 Rxc1+) 18... Rxc1+ 19. Bd1 Qa6 {White must now prevent ...Rxd1+.} 20. Ke2 Qxa2 21. Bc2 {[#]} Rxc2+ $1 22. Qxc2 Bd6 23. Nd3 Qc4 24. Qc3 Rc8 25. Ra1 a6 ({Don't take} 25... Qxc3 26. bxc3 a6 27. Rb1 $19) 26. Kd2 f6 {[#]} 27. Re1 (27. Ra4 $142 $1 {[%mdl 512]} Qc6 (27... Qxa4 28. Qxc8+) 28. Qxc6 Rxc6 29. Ra1) 27... Kf7 28. g4 Rc6 {aiming for ...Qb5.} 29. f4 $2 (29. Ra1) 29... Qb5 30. Nc5 Bxc5 31. dxc5 Rxc5 {[%mdl 4096] Endgame KQR-KQR} 32. Qa3 Qc4 {Hoping for ...Qc2+.} 33. f5 Qc2+ 34. Ke3 Qe4+ {[%mdl 64] Double Attack} 35. Kd2 Qd4+ 36. Qd3 Qxb2+ {Black is clearly winning.} 37. Ke3 Rc3 38. fxe6+ Ke7 {Weighted Error Value: White=1.11/Black=0.23} 0-1

[Event "EWCCC Online Preliminary-D 2020"]
[Site "Online"]
[Date "2020.12.19"]
[Round "6.3"]
[White "Mammadzada, Gunay"]
[Black "Corke, Anya S"]
[Result "0-1"]
[WhiteElo "2443"]
[BlackElo "2255"]
[Annotator "TA"]
[PlyCount "116"]
[EventDate "2020.12.19"]
[EventType "team-tourn"]
[EventCountry "NET"]
[SourceTitle "playchess.com"]
[Source "ChessBase"]
[SourceQuality "1"]

{[%evp 13,115,29,76,60,84,93,79,52,86,90,119,85,133,93,98,100,118,115,131,135,177,181,228,224,213,131,132,131,130,-257,-244,-390,-380,-410,-424,-413,-413,-418,-394,-419,-386,-489,-475,-470,-427,-487,-475,-712,-594,-554,-518,-1174,-1049,-1041,-961,-1223,-898,-820,0,-1192,-702,-1533,-570,-753,-743,-693,-664,-650,-663,-628,-624,-697,-427,-418,-421,-551,-429,-992,-991,-949,-941,-1589,-1420,-29986,-29987,-29987,-29988,-29988,-29984,-4862,-4862,-4427,-2216,-29983,-29976,-5481,-1013,-1000,-981,-953,-923,-29998,-29999,-29999]} 1. e4 c5 2. Nf3 e6 3. d4 cxd4 4. Nxd4 a6 5. Bd3 Qc7 6. O-O Nf6 7. Qe2 Nc6 8. Nxc6 {B42: Sicilian: Kan Variation: 5 Bd3.} Qxc6 9. e5 Nd5 10. a3 {[#] White is better.} d6 $146 ({Predecessor:} 10... b5 11. a4 b4 12. c4 bxc3 13. bxc3 Bb7 14. Be4 Rc8 15. Re1 Be7 16. Bd2 Qc7 {1-0 (48) Almedina Ortiz,E (2276)-Sotelo Kohama,D (2157) Bayamon 2013}) 11. c4 Nb6 12. Bf4 Be7 13. Qg4 g6 14. Nd2 Nd7 15. exd6 Bxd6 16. Bh6 Ne5 17. Qd4 {aiming for Ne4.} Qc7 18. Ne4 Be7 19. Bg7 Ng4 {[%csl Gg4][%cal Rc7h2]} 20. f4 Rg8 {And now ...f5 would win.} 21. h3 $2 {[%mdl 8192]} (21. Be5 $16 {stays on course.} Qd8 22. Nd6+ Kf8 23. Be2 Nxe5 24. fxe5) 21... f5 $19 {White is now going downhill.} 22. Be5 (22. hxg4 $142 fxe4 23. Qxe4 (23. Bxe4 $2 Bc5 $19) 23... Rxg7 24. b4) 22... Nxe5 23. fxe5 {With the idea Nd6+.} fxe4 24. Qxe4 Bd7 25. b4 O-O-O 26. Qe2 Rdf8 27. b5 Bc5+ 28. Kh1 Bd4 29. Rab1 Qxe5 30. Qd2 (30. Qxe5 $142 Rxf1+ 31. Rxf1 Bxe5 32. a4) 30... axb5 31. cxb5 Bb6 32. a4 (32. Qe1 $142 Rxf1+ 33. Qxf1) 32... Bc7 {[%csl Gc7][%cal Re5h2]} 33. g4 Qd5+ 34. Kg1 Bb6+ 35. Kh2 Bc7+ 36. Kg1 Kb8 37. Qe3 Bd6 38. Qe2 Bc5+ 39. Kh2 Qd6+ 40. Kg2 b6 41. Be4 Bc8 42. a5 Qe5 {( -> ...Bb7)} 43. a6 Ka7 44. Rbd1 h5 45. Qd3 (45. Bf3 $142 Qxe2+ 46. Bxe2) 45... Rxf1 46. Rxf1 Rg7 47. Re1 Bd6 48. Rd1 Qh2+ 49. Kf1 Rf7+ 50. Bf3 Qg3 51. Ke2 hxg4 52. hxg4 Bc5 {[%csl Gc5][%cal Rg3f2]} 53. Rf1 Rd7 54. Qe4 Qh2+ 55. Bg2 Rd5 56. Rf7+ Ka8 ({Not} 56... Bd7 {[#]} 57. Rxd7+ $1 {[%mdl 512]} Kb8 58. a7+ Kc8 59. Rxd5 Bd6 60. Rxd6 $1 {[%mdl 576] Back Rank, Promotion} Qxd6 61. Qb7+ Kd8 62. a8=Q+ Qb8 63. Qaxb8#) 57. Kf1 Qg1+ 58. Ke2 Qd1# {Weighted Error Value: White=0.87/Black=0.48} 0-1